00406nam a2200121Ia 4500003000900000008004100009040003300050041000800083080001100091245012900102260003700231300001600268LK-CoDNM010623t1892 xxu||||| |||| 00| 1 eng d aLK-CoDNMdLK-CoDNMeLK-CoDNM aeng a24 F 5 aCatalogue of the Colombo Museum Library : Paali Sinhalese and Sanskrit Manuscripts in the Ceylon Government Oriental Library bGovernment PresssaColomboc1892 b18p., 24 cm